Online katalóg knižníc regiónu Turca

Krajina príbehov (Record no. 22574)

MARC details
000 -LEADER
fixed length control field 01440cam a2200421 a 4500
001 - CONTROL NUMBER
control field 22574
003 - CONTROL NUMBER IDENTIFIER
control field SK-KTurca
005 - DATE AND TIME OF LATEST TRANSACTION
control field 20260401135747.0
008 - FIXED-LENGTH DATA ELEMENTS--GENERAL INFORMATION
fixed length control field 180209s2016 xo ab j 000 f slo d
015 ## - NATIONAL BIBLIOGRAPHY NUMBER
National bibliography number SNBA2018/01
020 ## - INTERNATIONAL STANDARD BOOK NUMBER
International Standard Book Number 9788056401873 (viaz.)
035 ## - SYSTEM CONTROL NUMBER
System control number a000604550
040 ## - CATALOGING SOURCE
Original cataloging agency PPPK
Language of cataloging slo
Transcribing agency UKB
Modifying agency SNK
Description conventions AACR2
041 1# - LANGUAGE CODE
Language code of text/sound track or separate title slo
Language code of original eng
044 ## - COUNTRY OF PUBLISHING/PRODUCING ENTITY CODE
MARC country code xo
ISO country code SK
072 #7 - SUBJECT CATEGORY CODE
Subject category code 821.111(73)-3
Subject category code subdivision Americká próza
Source konspekt
072 #7 - SUBJECT CATEGORY CODE
Subject category code 821-93
Subject category code subdivision Literatúra pre deti a mládež (beletria)
Source konspekt
080 ## - UNIVERSAL DECIMAL CLASSIFICATION NUMBER
Universal Decimal Classification number 821.111(73)-31
Edition identifier 2011
080 ## - UNIVERSAL DECIMAL CLASSIFICATION NUMBER
Universal Decimal Classification number (0:82-312.9)
Edition identifier 2011
080 ## - UNIVERSAL DECIMAL CLASSIFICATION NUMBER
Universal Decimal Classification number 821-93
Edition identifier 2011
080 ## - UNIVERSAL DECIMAL CLASSIFICATION NUMBER
Universal Decimal Classification number (0.038)
Edition identifier 2011
100 1# - MAIN ENTRY--PERSONAL NAME
Personal name Colfer, Chris,
Dates associated with a name 1990-
240 14 - UNIFORM TITLE
Uniform title The land of stories.
Number of part/section of a work 1.
Name of part/section of a work The wishing spell.
Language of a work Slovensky
245 10 - TITLE STATEMENT
Title Krajina príbehov
Number of part/section of a work [1]
Name of part/section of a work Čarovné zaklínadlo
Statement of responsibility, etc. Chris Colfer ; ilustroval Brandon Dorman ; [z anglického originálu preložila Marína Gálisová]
246 30 - VARYING FORM OF TITLE
Title proper/short title Čarovné zaklínadlo
250 ## - EDITION STATEMENT
Edition statement 1. vyd.
260 ## - PUBLICATION, DISTRIBUTION, ETC.
Place of publication, distribution, etc. Bratislava
Name of publisher, distributor, etc. Albatros Media Slovakia
Date of publication, distribution, etc. 2016
300 ## - PHYSICAL DESCRIPTION
Extent 341 s.
Other physical details il.
500 ## - GENERAL NOTE
General note Vyd. Fragment v Bratislave
521 1# - TARGET AUDIENCE NOTE
Target audience note Pre čitateľov od 9 rokov
655 #7 - INDEX TERM--GENRE/FORM
Genre/form data or focus term americké romány
Source of term UKBPH
655 #7 - INDEX TERM--GENRE/FORM
Genre/form data or focus term fantazijné romány
Source of term UKBPH
655 #7 - INDEX TERM--GENRE/FORM
Genre/form data or focus term publikácie pre deti
Source of term UKBPH
700 1# - ADDED ENTRY--PERSONAL NAME
Personal name Dorman, Brandon
Relationship ill
700 1# - ADDED ENTRY--PERSONAL NAME
Personal name Gálisová, Marína,
Dates associated with a name 1972-
Relationship trl
942 ## - ADDED ENTRY ELEMENTS (KOHA)
Source of classification or shelving scheme Dewey Decimal Classification
Koha item type Krásna literatúra pre deti
Suppress in OPAC No
Holdings
Stav vyradenia Strata Poškodenie Spôsob nadobudnutia Domovská knižnica Aktuálna knižnica Dátum nadobudnutia Total checkouts Čiarový kód exemplára Date last seen Typ exemplára
      Dar Obecná knižnica Turčianska Štiavnička Obecná knižnica Turčianska Štiavnička 01.04.2026   4738000902 01.04.2026 Krásna literatúra pre deti
Projekt je podporený Slovenskou asociáciou knižníc
Prevádzkuje Turčianska knižnica Martin 2026